Acquiring language in a conversational contex
Αποθηκεύτηκε σε:
| Κύριος συγγραφέας: | |
|---|---|
| Μορφή: | Βιβλίο |
| Γλώσσα: | English |
| Δημοσίευση: |
London :
Academic Press,
1981
|
| Σειρά: | Behavioural development
|
| Θέματα: | |
| Ετικέτες: |
Προσθήκη ετικέτας
Δεν υπάρχουν, Καταχωρήστε ετικέτα πρώτοι!
|
MARC
| LEADER | 00000nam a2200000 i 4500 | ||
|---|---|---|---|
| 001 | 1/72450 | ||
| 008 | 960722s1981 eng d | ||
| 020 | |a 0-12-356920-6 | ||
| 035 | |a 1987 |c Αγορά |l 10031243 | ||
| 040 | |a GR-MY-UA |b gre |e aacr | ||
| 041 | 0 | |a eng | |
| 082 | 0 | |a 401.9 | |
| 100 | 1 | |a Howe, Christine. | |
| 245 | 1 | 0 | |a Acquiring language in a conversational contex / |c Christine Howe |
| 260 | |a London : |b Academic Press, |c 1981 | ||
| 300 | |a 146 p. | ||
| 490 | 1 | |a Behavioural development | |
| 650 | 0 | 0 | |a Children |x Language. |
| 650 | 0 | 0 | |a Language acquisition. |
| 650 | 0 | 0 | |a Interpersonal communication. |
| 650 | 0 | 0 | |a Conversation. |
| 830 | 0 | |a Behavioural development | |
| 852 | |a INST |b RHODES |e 19960722 |h 401.9 HOW |p 005400004671 |q 005400004671 |t BK |y 0 | ||
| 909 | |a Ρ |b 008497 |c 1987 | ||